Genetic programming : 9th European conference, EuroGP 2006, Budapest, Hungary, April 10-12, 2006 : proceedings
Αποθηκεύτηκε σε:
| Συγγραφή απο Οργανισμό/Αρχή: | |
|---|---|
| Άλλοι συγγραφείς: | |
| Μορφή: | Βιβλίο |
| Γλώσσα: | English |
| Δημοσίευση: |
Berlin :
Springer,
2006
|
| Σειρά: | Lecture notes in computer science ;
; 3905 |
| Θέματα: | |
| Ετικέτες: |
Προσθήκη ετικέτας
Δεν υπάρχουν, Καταχωρήστε ετικέτα πρώτοι!
|
MARC
| LEADER | 00000nam a2200000 i 4500 | ||
|---|---|---|---|
| 001 | 1/71486 | ||
| 008 | 080121s2006 eng d | ||
| 020 | |a 3-540-33143-3 (pbk.) | ||
| 035 | |l 10093914 | ||
| 040 | |a GR-MY-UA |b gre |e aacr | ||
| 041 | 0 | |a eng | |
| 082 | 0 | |a 006.31 |2 (22) | |
| 110 | 2 | |a EuroGP 2006. | |
| 245 | 1 | 0 | |a Genetic programming : |b 9th European conference, EuroGP 2006, Budapest, Hungary, April 10-12, 2006 : proceedings / |c edited by Pierre Collet ... [et al.] |
| 260 | |a Berlin : |b Springer, |c 2006 | ||
| 300 | |a xi, 360 σ.; |b πίν.; |c 24 εκ. | ||
| 490 | 1 | |a Lecture notes in computer science |v ; 3905 | |
| 504 | |a Περιλαμβάνει βιβλιογραφίες και ευρετήριο | ||
| 650 | 0 | 0 | |a Genetic programming (Computer science) |x Congresses. |
| 700 | 1 | |a Collet, Pierre |d 1948- |4 edt | |
| 830 | 0 | |a Lecture notes in computer science ; |v ; 3905 | |
| 852 | |a INST |b CHIOS |e 20080121 |h 006.31 EUR |p 005200027901 |q 005200027901 |t BK |y 0 | ||
| 901 | |a BIBL2-2008-1 | ||
| 909 | |a Χ |b 143665 | ||
| 922 | |a 2ΕΛΗ |b 200712 |c ΕΠΕΑΕΚ2/ΤΜΟΔ |d ΕΛΕΥΘΕΡΟΥΔΑΚΗΣ | ||
| 970 | |a ΒΑΡΦΗΣ |b ΒΑΓΓΕΛΗΣ |z 2008/01/21 | ||